000
00274nam a2200097Ia 4500
082
_a
618.1|CLIN
245
0
_a
Clinical gynaecology
100
_a
Kruger, T.F. Claremont [South Africa], 2011 4th ed
_9
57298
942
_c
BK
008
210817s9999 xx 000 0 und d
999
_c
179077
_d
179076